The all England Law reports (2006 Vol.1). / (Record no. 4337)
[ view plain ]
| 000 -LEADER | |
|---|---|
| fixed length control field | 00497nam a22001577a 4500 |
| 008 - FIXED-LENGTH DATA ELEMENTS--GENERAL INFORMATION | |
| fixed length control field | 140905b xxu||||| |||| 00| 0 eng d |
| 020 ## - INTERNATIONAL STANDARD BOOK NUMBER | |
| International Standard Book Number | 1405712422 |
| 050 ## - LIBRARY OF CONGRESS CALL NUMBER | |
| Classification number | KD288.A64 (2006 Vol. 1) |
| 245 ## - TITLE STATEMENT | |
| Title | The all England Law reports (2006 Vol.1). / |
| Statement of responsibility, etc. | edited byKaren Widdicombe. |
| 260 ## - PUBLICATION, DISTRIBUTION, ETC. | |
| Place of publication, distribution, etc. | United kingdom: |
| Name of publisher, distributor, etc. | Butterworths, |
| Date of publication, distribution, etc. | 2006. |
| 300 ## - PHYSICAL DESCRIPTION | |
| Extent | Xviii, 1042p.: |
| Dimensions | 24cm. |
| 440 ## - SERIES STATEMENT/ADDED ENTRY--TITLE | |
| Name of part/section of a work | The all England Law reports |
| Volume/sequential designation | Vol.1 |
| 700 ## - ADDED ENTRY--PERSONAL NAME | |
| Personal name | Widdicombe, Karen |
| 800 ## - SERIES ADDED ENTRY--PERSONAL NAME | |
| Personal name | Widdicombe Karen |
| 942 ## - ADDED ENTRY ELEMENTS (KOHA) | |
| Source of classification or shelving scheme | Library of Congress Classification |
| Koha item type | Books |
| Withdrawn status | Lost status | Source of classification or shelving scheme | Damaged status | Not for loan | Home library | Current library | Shelving location | Date acquired | Total Checkouts | Full call number | Barcode | Date last seen | Copy number | Price effective from | Koha item type |
|---|---|---|---|---|---|---|---|---|---|---|---|---|---|---|---|
| Library of Congress Classification | WISCONSIN INTERNATIONAL UNIVERSITY COLLEGE, GHANA - MAIN LIBRARY | WISCONSIN INTERNATIONAL UNIVERSITY COLLEGE, GHANA - MAIN LIBRARY | Law Library | 05/09/2014 | KD288. A64 (2006 Vol. 1) | 2297/1294/14 | 05/09/2014 | 1 | 05/09/2014 | Books |
